|
|
|
|
| LEADER |
00000nam0a2200000 4500 |
| 001 |
29614 |
| 005 |
20231101205924.0 |
| 010 |
|
|
|a 5756701362
|
| 035 |
|
|
|a (RuTPU)RU\TPU\book\29879
|
| 035 |
|
|
|a BOOK00029954
|
| 090 |
|
|
|a 29614
|
| 100 |
|
|
|a 20011209d2001 m y0rusy50 ca
|
| 101 |
0 |
|
|a rus
|
| 102 |
|
|
|a RU
|
| 105 |
|
|
|a y j 001zy
|
| 200 |
1 |
|
|a История международных отношений и внешней политики России (1648-2000
|e учебник для вузов
|f А. С. Протопопов, В. М. Козьменко, Н. С. Елманова
|
| 210 |
|
|
|a Москва
|c Аспект Пресс
|d 2001
|
| 215 |
|
|
|a 343 с.
|
| 320 |
|
|
|a Библиогр.: с. 337-341.
|
| 451 |
|
1 |
|0 (RuTPU)RU\TPU\book\60074
|y 5-7567-0136-2
|t История международных отношений и внешней политики России, 1648-2000
|o учебник
|f А. С. Протопопов, В. М. Козьменко, Н. С. Елманова
|g Под ред. А. С. Протопопова
|c М.
|n Аспект Пресс
|d 2003
|p 344 с.
|a Протопопов, Анатолий Сергеевич
|
| 606 |
1 |
|
|a Внешняя политика
|x Международные отношения
|y Россия
|2 stltpush
|3 (RuTPU)RU\TPU\subj\68528
|9 83773
|
| 610 |
1 |
|
|a политика
|
| 610 |
1 |
|
|a внешняя политика
|
| 610 |
1 |
|
|a международные отношения
|
| 610 |
1 |
|
|a Россия
|
| 610 |
1 |
|
|a СССР
|
| 610 |
1 |
|
|a история
|
| 610 |
1 |
|
|a 17 век
|
| 610 |
1 |
|
|a 18 век
|
| 610 |
1 |
|
|a 19 век
|
| 610 |
1 |
|
|a 20 век
|
| 610 |
1 |
|
|a учебные пособия
|
| 686 |
|
|
|a Ф4(2)гя73
|v LBC/SL-A
|2 rubbk
|
| 700 |
|
1 |
|a Протопопов
|b А. С.
|g Анатолий Сергеевич
|
| 701 |
|
1 |
|a Козьменко
|b В. М.
|g Владимир Матвеевич
|
| 701 |
|
1 |
|a Елманова
|b Н. С.
|g Наталья Сергеевна
|
| 801 |
|
0 |
|a RU
|b 63413507
|c 20011209
|g PSBO
|
| 801 |
|
2 |
|a RU
|b 63413507
|c 20210617
|g PSBO
|
| 942 |
|
|
|c BK
|